Statistics for Pokémon with the Highest Special Attack Stats

Click here to take the quiz!

General Stats

  • This quiz has been taken 37 times
  • The average score is 22 of 34

Answer Stats

Sp. AttackPokémon% Correct
180Deoxys (Attack Forme)
100%
150Deoxys (Normal Forme)
100%
150Kyogre
95%
154Mewtwo
95%
135Alakazam
91%
150Dialga
91%
137Lunala
86%
150Palkia
86%
150Rayquaza
86%
150Reshiram
86%
170Kyurem (White)
82%
157Necrozma (Dawn Wings Necrozma)
82%
167Necrozma (Ultra Necrozma)
82%
145Eternatus
77%
173Xurkitree
77%
151Blacephalon
73%
165Calyrex (Shadowrider)
73%
145Chandelure
68%
150Hoopa (Confined)
64%
170Hoopa (Unbound)
64%
145Spectrier
59%
137Pheromosa
55%
135Volcarona
55%
145Thundurus (Therian Forme)
50%
145Vikavolt
50%
135Darkrai
45%
150Aegislash (Blade Forme)
41%
136Hatterene
41%
153Greninja (Ash-Greninja)
36%
145Darmanitan (Zen Mode)
32%
135Porygon-Z
32%
145Cursola
27%
135Drampa
18%
140Wishiwashi (School Form)
0%

Score Distribution

Percentile by Number Answered

Percent of People with Each Score

Your Score History

You have not taken this quiz